01153nam a22003255b 4500001000200000003000900002005001700011008003000028017000900058020001500067040002500082080000600107082002600113100002100139240000900160245013300169260005600302300004000358490003200398590002600430650003600456650002500492700003900517700007200556901000600628910004000634942001200674952012400686999001700810 DO-SdBNP20240724133448.0920624s2007 sp ||| ||spa  a b  a8498155207 aBPMSUbspacBPMSUe  0a  4a863.6 bO16a 20072221 a Ochoa, Núria 10a k 14aLas aventuras de Don Quijote /c Miguel de Cervantes ;adaptación textos, Núria Ochoa ; ilustraciones de Alicia Ginebredah  aBarcelona :bSantillana Ediciones Generales, c2007 aVarias paginaciones :bil. ;c29 cm0 aMis primeros clásicos v  aInventariado, 2024/VM 4aCuentos infantiles españoles  4aCuentos de aventuras1 aGinebreda, Alicia eilustraciones 1 aCervantes Saavedra, Miguel ded1547-1616tDon Quijote de la Mancha  a  aVMateo V. Control de caliad. BPMSU  2ddccBK 00102ddc40708CDaBPMETbBPMETd2024-07-24l0oBPMSU CGI 863.6 O16a 2007pBPMSU24070110r2024-07-24w2024-07-24yBK c14753d14753